|
|
|
|
| LEADER |
02433nam a22003853i 4500 |
| 001 |
EBC6786043 |
| 003 |
MiAaPQ |
| 005 |
20240729202203.0 |
| 006 |
m o d | |
| 007 |
cr cnu|||||||| |
| 008 |
240729s2013 xx o ||||0 ger d |
| 020 |
|
|
|a 9783954871070
|q (electronic bk.)
|
| 020 |
|
|
|z 9783865277824
|
| 035 |
|
|
|a (MiAaPQ)EBC6786043
|
| 035 |
|
|
|a (Au-PeEL)EBL6786043
|
| 035 |
|
|
|a (OCoLC)1290023863
|
| 040 |
|
|
|a MiAaPQ
|b eng
|e rda
|e pn
|c MiAaPQ
|d MiAaPQ
|
| 100 |
1 |
|
|a Birle, Peter.
|
| 245 |
1 |
0 |
|a Brasilien :
|b Eine Einführung /
|c Peter Birle (Hrsg. ).
|
| 250 |
|
|
|a 1st ed.
|
| 264 |
|
1 |
|a Madrid :
|b Iberoamericana Editorial Vervuert,
|c 2013.
|
| 264 |
|
4 |
|c {copy}2013.
|
| 300 |
|
|
|a 1 online resource (300 pages)
|
| 336 |
|
|
|a text
|b txt
|2 rdacontent
|
| 337 |
|
|
|a computer
|b c
|2 rdamedia
|
| 338 |
|
|
|a online resource
|b cr
|2 rdacarrier
|
| 490 |
1 |
|
|a Bibliotheca Ibero-Americana Series ;
|v v.151
|
| 505 |
0 |
|
|a Intro -- Inhalt -- Einleitung -- Im Spannungsfeld zwischen globalem Wandel und regionaler Dynamik. Die Großregionen Brasiliens -- Das politische System. Strukturen und Akteure -- Die politische Dimension von Amtsmissbrauch, Korruption, Drogenhandel und Kriminalität: Rechtsstaat und Gemeinwohl in Brasilien -- Soziale Ungleichheit und Sozialpolitik -- Das Bildungssystem. Entwicklungen und Herausforderungen -- Brasiliens Aufstieg zur weltwirtschaftlichen Großmacht -- Brasilien als internationaler Akteur -- Die kulturelle Dynamik Brasiliens -- Städtische Kulturen und Bewegungen -- Film und Fernsehen -- "Brasil, pra mim". Identitätskonstruktion in der populären Musik Brasiliens -- Literarische Konstellationen -- "Brasil. O país do futebol" Brasilien. Die Fußballnation -- Die deutsch-brasilianischen Beziehungen -- Chronologie zur Geschichte Brasiliens -- Autorinnen und Autoren.
|
| 588 |
|
|
|a Description based on publisher supplied metadata and other sources.
|
| 590 |
|
|
|a Electronic reproduction. Ann Arbor, Michigan : ProQuest Ebook Central, 2024. Available via World Wide Web. Access may be limited to ProQuest Ebook Central affiliated libraries.
|
| 655 |
|
4 |
|a Electronic books.
|
| 776 |
0 |
8 |
|i Print version:
|a Birle, Peter
|t Brasilien
|d Madrid : Iberoamericana Editorial Vervuert,c2013
|z 9783865277824
|
| 797 |
2 |
|
|a ProQuest (Firm)
|
| 830 |
|
0 |
|a Bibliotheca Ibero-Americana Series
|
| 856 |
4 |
0 |
|u https://ebookcentral.proquest.com/lib/matrademy/detail.action?docID=6786043
|z Click to View
|